01102 a2200205 4500003000500000005001700005010001600022020001500038040000900053082001200062100002100074245006200095260004800157300003400205505051600239650002300755650003500778651004400813740003900857Nust20170207154038.0 a 92075647 a0697148947 cNust00a371.3341 aRieber, Lloyd P.10aComputers, graphics & learning (E-BOOK)cLloyd P. Rieber. aMadison, Wis. :bBrown & Benchmark,cc1994. axiv, 287 p. :bill. ;c24 cm. aIntroduction (Page-13)An Overview of Graphics in Instruction (Page- 35) Developing Instructional Computer Graphics on Microcomputers (Page-70) Psychological Foundations of Instructional Graphics (Page-107) Review of Instructional Visual Research: Static Visuals (Page-137) Review of Instructional Visual Research: Animated Visuals (Page-159) Designing Graphics for Computer-Based Instruction: Basic Principles (Page-187) Designing Highly Interactive Visual Learning Environments (Page-226) Multimedia(Page- 263) 0aComputer graphics. 0aComputer-assisted instruction. aComputers, graphics & learning (E-BOOK)0 aComputers, graphics, and learning.